000
00306nam a2200121Ia 4500
008
240624s9999 xx 000 0 und d
041
_a
eng
082
_a
006.312 KUL
100
_a
KULKARNI PARAG
245
_a
REINFORCEMENT AND SYSTEMIC MACHINE LEARN
260
_c
2015
_a
New Delhi
_b
Wiley
365
_c
RS
_b
33
999
_c
26543
_d
26543